Dans quels départements sont ces villes du Centre Val de Loire ? - Statistiques

Statistiques générales
  • Ce quiz a été pris 37 fois
  • Le résultat moyen est 14 sur 20
Statistiques - réponses
Hint Réponse % Correct
Orléans Loiret
94%
Blois Loir et Cher
90%
Châteauroux Indre
87%
Tours Indre et Loire
87%
Chartres Eure et Loir
84%
Bourges Cher
81%
Dreux Eure et Loir
81%
Joué lès Tours Indre et Loire
81%
Olivet Loiret
81%
Fleury les Aubrais Loiret
71%
Vierzon Cher
68%
Saint Pierre des Corps Indre et Loire
68%
Vendôme Loir et Cher
65%
Saran Loiret
61%
Saint Jean de Braye Loiret
58%
Romorantin Lanthenay Loir et Cher
58%
Saint Jean de la Ruelle Loiret
48%
Saint Cyr sur Loire Indre et Loire
45%
Saint Avertin Indre et Loire
45%
Lucé Eure et Loir
35%
Aucun quiz correspondant
Distribution des résultats
% des personnes avec chaque résultat
Percentile par nombre de réponses
Votre historique - résultats
Vous n’avez pas pris ce quiz